000 00703nam a2200277Ia 4500
005 20260324135326.0
008 008 260324s9999 xx 000 0 eng d
020 _a9781315063218
037 _aEBOOK
040 _aCRL
040 _beng
040 _cCRL
041 _2eng
041 _aeng
084 _qCRL
100 _aJae K. Shim; Anique A. Qureshi; Roberta M. Siegel; Joel G. Siegel
_91200186
245 4 _aThe International Handbook of Electronic Commerce
260 _bTaylor and Francis
260 _c2000
365 _a
365 _b205
856 _uhttp://www.taylorfrancis.com/books/9781315063218
942 _cEBOOK
999 _c1801118
_d1801118